00864nam a2200229 i 4500001001000000003000900010005001700019007000300036008004100039040003000080041000800110082001700118245014600135264006100281300005000342336002700392337003300419338002800452500007300480504003500553700004600588000040272DO-SdBNP20251030110131.0ta090706s1974 dr a 000 0 spa d aDO-SdBNPbspacBNPHUerda aspa 4axxxbxxx22200aManual del investigador en administración :bmetodología para la preparación de trabajos y manuales /cprólogo, Luis E. Del Villar C. 1aSanto Domingo :bOficina Nacional de Presupuesto,c1974. axii, 297 páginas :bilustraciones ;c24 cm. atextobtxt2rdacontent asin mediaciónbn2rdamedia avolumenbnc2rdacarrier aIncluye referencias bibliográficas y notas al pie de las páginas aBibliografía : páginas 2971 4pr.aDel Villar C., Luis E.,eprologuista